Médecine et environnement dans l'Alexandrie médiévale

Saved in:

Main Author: Jean-Charles Ducène

Format: Book

Language: Undetermined

Published: Cairo Institut français d'archéologie orientale 2025

Series: CAI 37

Subjects:

Tags: Add Tag

No Tags, Be the first to tag this record!

Call Number: On Hold

LEADER 00713nam a2200193Ia 4500
005 20260324113530.0
008 260324s9999||||xx |||||||||||||| ||und||
020 |a 9782724711257 
050 4 |a On Hold 
100 0 |a Jean-Charles Ducène 
245 1 0 |a Médecine et environnement dans l'Alexandrie médiévale  |c Jean-Charles Ducène 
264 1 |a Cairo  |b Institut français d'archéologie orientale  |c 2025 
300 |a 129 pages  |b color map  |c 28 cm 
490 0 |a CAI 37 
500 |a Includes bibliographical references (page [117]-129) and index. 
650 4 |a Arab 
650 4 |a édition et traduction de la Risāla fi ṭabʻ al-Iskandariyya d'Ibn Gumayʻ al-Isrāʼīlī (m. 594-1198) 
650 4 |a Medicine 
999 |c 61903  |d 61903